The fates of nations : a biological theory of history

Đã lưu trong:
Sonraí Bibleagrafaíochta
Príomhúdar: Paul Colinvaux
Formáid: Leabhar
Teanga:Undetermined
Foilsithe: New York Penguin Book 1980
Ábhair:
Clibeanna: Cuir Clib Leis
Gan Chlibeanna, Bí ar an gcéad duine leis an taifead seo a chlibeáil!
Thư viện lưu trữ: Trung tâm Học liệu Trường Đại học Cần Thơ
LEADER 00555nam a2200193Ia 4500
001 CTU_90413
008 210402s9999 xx 000 0 und d
082 |a 901 
082 |b C696 
100 |a Paul Colinvaux 
245 4 |a The fates of nations : a biological theory of history 
245 0 |c Paul Colinvaux 
260 |a New York 
260 |b Penguin Book 
260 |c 1980 
650 |a history,military history,human ecology,niche (ecology) 
650 |x philosophy 
904 |i Nguyên 
980 |a Trung tâm Học liệu Trường Đại học Cần Thơ